Le francais international (Livre du maitre 4)

Zapisane w:
Opis bibliograficzny
1. autor: Calvé, Pierre
Format: Książka
Język:Undetermined
Wydane: Montreal, Canadá Centre Educatif et Culturel 1974
Hasła przedmiotowe:
Etykiety: Dodaj etykietę
Nie ma etykietki, Dołącz pierwszą etykiete!

MARC

LEADER 00000nam a2200000Ia 4500
008 170316s9999 xx 000 0 und d
090 |a 415-F C-1fr v.4 
100 |a Calvé, Pierre 
245 |a Le francais international (Livre du maitre 4) 
260 |a Montreal, Canadá 
260 |b Centre Educatif et Culturel 
260 |c 1974 
300 |a 200 páginas 
650 |a GRAMÁTICA FRANCESA 
999 |c 19149  |d 19149 
040 |a cru BVZT 
942 |c 15 D  |h 415-F C-1fr v.4  |2 z